00350nam a2200121Ia 4500008004100000041001200041082001500053100005500068245005800123260001600181440000900197650002200206240126s9999 xx 000 0 und d aEnglish aPRAM89-321 aRavi Kumar, P Reddy, R V Venkata Venkataramana T S 0aLubrication of LPG system for mopedsbAshok Kumar S K bMCE, Hassan aNULL aMopeds,LPG system